|
|
|
|
| LEADER |
01573nam a2200301 a 4500 |
| 001 |
c000011185 |
| 003 |
CARM |
| 005 |
00000000000000.0 |
| 008 |
870416s1987 wb a b 00110 eng |
| 019 |
1 |
|
|a 5387300
|5 LACONCORD2021
|
| 020 |
|
|
|a 0387178341 (U.S.) :
|c DM32.00
|
| 035 |
|
|
|a (OCoLC)15628059
|5 LACONCORD2021
|
| 050 |
0 |
0 |
|a HD58.8
|b .T35 1987
|
| 100 |
1 |
|
|a Takahashi, Nobuo,
|d 1957-
|
| 245 |
1 |
0 |
|a Design of adaptive organizations :
|b models and empirical research /
|c Nobuo Takahashi.
|
| 260 |
|
|
|a Berlin ;
|a New York :
|b Springer-Verlag,
|c c1987.
|
| 300 |
|
|
|a vi, 140 p. :
|b ill. ;
|c 25 cm.
|
| 440 |
|
0 |
|a Lecture notes in economics and mathematical systems ;
|v 291
|
| 500 |
|
|
|a Includes index.
|
| 504 |
|
|
|a Bibliography: p. [131]-134.
|
| 650 |
|
0 |
|a Organizational change.
|
| 650 |
|
0 |
|a Organization.
|
| 650 |
|
0 |
|a Statistical decision.
|
| 653 |
|
|
|a @ Short-run adaptive problems % Model + Organization structures % Efficient organizational design + Efficient organization structures + Efficient management systems % Managerial problems @ Long-run adaptive problems % Management systems of innovation % Model @ Managerial implications % Implications for organization theory + Contingency theoretic implications % Empirical research on Japanese firms + Methods + Management systems under uncertainty
|
| 852 |
8 |
|
|b CARM
|h A2:AK35F0
|i C03689
|p 0191612
|f BK
|
| 082 |
0 |
4 |
|a 658.4/06
|2 19
|
| 999 |
f |
f |
|i 83061f8d-ed4f-56aa-acd1-ef3b58118723
|s 5465dfe5-e751-573f-b1f1-e05f9f6692b0
|
| 952 |
f |
f |
|p Can circulate
|a CAVAL
|b CAVAL
|c CAVAL
|d CARM 1 Store
|e C03689
|f A2:AK35F0
|h Other scheme
|i book
|m 0191612
|